FOOTBALL - Compo PSG vs Bayern 5-4 (2026) - Statistiques

Statistiques générales
  • Ce quiz a été pris 47 fois
  • Le résultat moyen est 25 sur 31
Statistiques - réponses
Équipe Poste Nom % Correct
PSG Latéral droit Achraf Hakimi
100%
PSG Ailier droit Désiré Doué
100%
PSG Ailier gauche Khvicha Kvaratskhelia
100%
PSG Buteur Ousmane Dembélé
100%
PSG Milieu central João Neves
95%
PSG Défenseur central Marquinhos
95%
PSG Milieu central Vitinha
95%
PSG Défenseur central Willian Pacho
95%
PSG Remplaçant (Attaquant) Bradley Barcola
93%
PSG Gardien de But Matvey Safonov
93%
Bayern Ailier droit Michael Olise
93%
Bayern Buteur Harry Kane
91%
PSG COACH Luis Enrique
91%
Bayern Gardien de But Manuel Neuer
91%
PSG Latéral gauche Nuno Mendes
91%
PSG Milieu central Warren Zaïre-Emery
91%
PSG Remplaçant (Milieu) Fabián Ruiz
86%
Bayern Ailier gauche Luis Diaz
86%
Bayern Défenseur central Dayot Upamecano
84%
PSG Remplaçant (Défenseur) Lucas Hernandez
82%
Bayern Milieu offensif central Jamal Musiala
80%
Bayern Milieu central Joshua Kimmich
80%
Bayern Défenseur central Jonathan Tah
75%
PSG Remplaçant (Milieu) Senny Mayulu
75%
Bayern Latéral gauche Alphonso Davies
70%
Bayern Remplaçant (Défenseur) Konrad Laimer
68%
Bayern Milieu central Aleksandar Pavlovic
61%
Bayern Latéral droit Josip Stanišić
57%
Bayern Remplaçant (Milieu) Leon Goretzka
57%
Bayern Remplaçant (Attaquant) Nicolas Jackson
50%
Bayern COACH (remplaçant) Aaron Danks
9%
Aucun quiz correspondant
Distribution des résultats
% des personnes avec chaque résultat
Percentile par nombre de réponses
Votre historique - résultats
Vous n’avez pas pris ce quiz